| 000 | 00431cam a2200157ua 4500 | ||
|---|---|---|---|
| 041 |
_aeng _h |
||
| 082 |
_a915.4 _bRUS/HA |
||
| 100 | _aRush brook williams, L.F . | ||
| 245 | 0 | 0 |
_aHandbook for Travellers in India,Pakistan,Burma and Ceylon / _cL.F.Rush brook williams. _hTextual Documents |
| 250 |
_a19 / _b. |
||
| 260 |
_aLondon : _bJohn Murray , _c1962. |
||
| 300 | _a634 ; . | ||
| 504 | _a | ||
| 942 | _cBK | ||
| 999 |
_c796 _d796 |
||